000 00493nam a22001937a 4500
005 20230926160231.0
008 230926b ||||| |||| 00| 0 eng d
020 _a9788196231545
040 _aIN-DiNC
_cIN-DiNC
041 _deng
082 _a821
_bMIS
100 _aMishra, J P
_eauthor
245 _aShakespeare and Donne/
_cby J P Mishra
260 _aDelhi:
_bOptimus publications,
_c2023.
300 _axi, 132p.
650 _aSonnets
650 _aEnglish poetry
942 _2ddc
_cBK
999 _c11660
_d11660